[Event "SVM_Regionalliga_2024-25"]
[Site "?"]
[Date "2024.12.01"]
[Round "5.4"]
[Board "7"]
[White "Nathan,Laksan"]
[Black "Hallen,Maxime"]
[WhiteTeam "Eschweiler SC 1"]
[BlackTeam "SK Troisdorf"]
[WhiteElo "1981"]
[BlackElo "1820"]
[WhiteDWZ "1802"]
[BlackDWZ "1803"]
[Result "1-0"]
[PlyCount "53"]
[EventDate "2024.12.01"]
[SourceDate "2024.12.01"]
 
1. b4 e5 2. Bb2 Bxb4 3. Bxe5 Nf6 4. c3 Be7 5. Bxf6 Bxf6 6. Nf3 d5 7. e3 c6 8.
d4 Bf5 9. Bd3 Bxd3 10. Qxd3 O-O 11. O-O Be7 12. Nbd2 f5 13. a4 Nd7 14. a5 b5
15. axb6 Nxb6 16. Ne5 c5 17. Ndf3 c4 18. Qb1 Qd6 19. Ra6 Qc7 20. Qb5 Rfd8 21.
Rfa1 Rdb8 22. Rxb6 axb6 23. Qxd5+ Kh8 24. Nf7+ Kg8 25. Nh6+ Kh8 26. Qg8+ Rxg8
27. Nf7# 1-0

[Event "SVM_Regionalliga_2024-25"]
[Site "?"]
[Date "2024.12.01"]
[Round "5.5"]
[Board "1"]
[White "Kocur,Alois"]
[Black "Meyer,Emil"]
[WhiteTeam "SV Springer Hitdorf 1"]
[BlackTeam "Klub Kölner SF 3"]
[WhiteElo "2243"]
[BlackElo "1970"]
[WhiteDWZ "2180"]
[BlackDWZ "2047"]
[Result "1-0"]
[PlyCount "77"]
[EventDate "2024.12.01"]
[SourceDate "2024.12.01"]
 
1. e4 c5 2. Nf3 d6 3. d4 cxd4 4. Nxd4 Nf6 5. Nc3 g6 6. Be2 Bg7 7. O-O O-O 8. Bg5 Nc6 9. Nb3 a6 10. a4 Be6 11. Bh4 Rc8 12. f4 d5 13. f5 d4 14. fxe6 dxc3 15. exf7+ Kh8 16. bxc3 Nxe4 17. Qxd8 Rcxd8 18. Bf3 Bf6 19. Bxe4 Bxh4 20. Nc5 Bf6 21. Ne6 Bxc3 22. Bxc6 Bxa1 23. Nxd8 Rxd8 24. f8=Q+ Rxf8 25. Rxf8+ Kg7 26. Rc8 bxc6 27. Rxc6 a5 28. Kf1 Bd4 29. Ke2 Kf7 30. Kd3 Be5 31. h3 Bd6 32. Kc4 Ke6 33. Ra6 Kf5 34. Rxa5+ e5 35. Rd5 Bb8 36. a5 Kf4 37. a6 e4 38. Rd7 Ke3 39. Rb7 1-0

[Event "SVM_Regionalliga_2024-25"]
[Site "?"]
[Date "2024.12.01"]
[Round "5.5"]
[Board "5"]
[White "Pyrowicz,Jacek"]
[Black "Lemaic,Mile"]
[WhiteTeam "SV Springer Hitdorf 1"]
[BlackTeam "Klub Kölner SF 3"]
[WhiteElo "1929"]
[BlackElo "1883"]
[WhiteDWZ "1852"]
[BlackDWZ "1966"]
[Result "0-1"]
[PlyCount "72"]
[EventDate "2024.12.01"]
[SourceDate "2024.12.01"]
 
1. d4 Nf6 2. c4 c5 3. d5 b5 4. cxb5 a6 5. bxa6 g6 6. Nc3 Bxa6 7. Nf3 Bg7 8. e4 Bxf1 9. Kxf1 d6 10. g3 O-O 11. Kg2 Nbd7 12. h3 Qa5 13. Qc2 Rfb8 14. a4 Qb4 15. Ra3 Ne8 16. Nb5 Nb6 17. b3 c4 18. Bd2 cxb3 19. Qb1 Qc5 20. Rc1 Nc4 21. Rxb3 Rxa4 22. Be3 Nxe3+ 23. fxe3 Rc4 24. Rxc4 Qxc4 25. Nfd4 Bh6 26. Kf3 Nf6 27. Rb4 Qc5 28. Rb2 Nd7 29. Rc2 Ne5+ 30. Ke2 Qb6 31. Qc1 Qa6 32. Rc6 Nxc6 33. Qxc6 Qa2+ 34. Kf3 Qd2 35. Qc3 Qd1+ 36. Kg2 Rxb5 0-1

[Event "SVM_Regionalliga_2024-25"]
[Site "?"]
[Date "2024.12.01"]
[Round "5.5"]
[Board "6"]
[White "Pragua,Christoph"]
[Black "Schmitz,Manuela"]
[WhiteTeam "Klub Kölner SF 3"]
[BlackTeam "SV Springer Hitdorf 1"]
[WhiteElo "2031"]
[BlackElo "1815"]
[WhiteDWZ "1909"]
[BlackDWZ "1846"]
[Result "1/2-1/2"]
[PlyCount "37"]
[EventDate "2024.12.01"]
[SourceDate "2024.12.01"]
 
1. c4 e6 2. Nf3 Nf6 3. e3 d5 4. d4 Nbd7 5. Nc3 c6 6. Bd3 Bd6 7. Qc2 O-O 8. e4 dxe4 9. Nxe4 Nxe4 10. Bxe4 Nf6 11. Bd3 c5 12. dxc5 Bxc5 13. O-O h6 14. b3 Qe7 15. Bb2 b6 16. Ne5 Bb7 17. Rad1 Rfd8 18. Rfe1 Rac8 19. Be2 {(=)} 1/2-1/2

[Event "SVM_Regionalliga_2024-25"]
[Site "?"]
[Date "2024.12.01"]
[Round "5.5"]
[Board "7"]
[White "Kocur,Beata"]
[Black "Ye,Philipp"]
[WhiteTeam "SV Springer Hitdorf 1"]
[BlackTeam "Klub Kölner SF 3"]
[WhiteElo "1914"]
[BlackElo "1871"]
[WhiteDWZ "1781"]
[BlackDWZ "1828"]
[Result "1-0"]
[PlyCount "49"]
[EventDate "2024.12.01"]
[SourceDate "2024.12.01"]
 
1. e4 c6 2. d4 d5 3. Nc3 dxe4 4. Nxe4 Nf6 5. Ng3 h5 6. h3 h4 7. N3e2 Bf5 8. Nf3 Ne4 9. Nc3 Qa5 10. Bd2 Nxd2 11. Qxd2 e6 12. a3 Nd7 13. Bd3 Be7 14. O-O Bxd3 15. Qxd3 Qh5 16. Rfe1 O-O 17. Nd1 Rfd8 18. Qb3 Rab8 19. Ne3 Bf6 20. Rad1 Nb6 21. Ng4 Be7 22. Re5 Qh7 23. Ng5 Qg6 24. Nxe6 fxe6 25. Rxe6 1-0

[Event "SVM_Regionalliga_2024-25"]
[Site "?"]
[Date "2024.12.01"]
[Round "5.6"]
[Board "1"]
[White "Esser,Michael"]
[Black "Krings,Thomas"]
[WhiteTeam "Bayer Leverkusen 1"]
[BlackTeam "SV Horrem 1"]
[WhiteElo "2019"]
[BlackElo "1766"]
[WhiteDWZ "2035"]
[BlackDWZ "2045"]
[Result "0-1"]
[PlyCount "68"]
[EventDate "2024.12.01"]
[SourceDate "2024.12.01"]
 
1. e4 e5 2. Nf3 Nc6 3. Bc4 Nf6 4. d3 Be7 5. a3 O-O 6. Nc3 d6 7. h3 Be6 8. Nd5 Bxd5 9. exd5 Nb8 10. Be3 Nbd7 11. Ba2 h6 12. Qd2 Nh7 13. g4 f5 14. gxf5 Rxf5 15. Nh2 Bg5 16. O-O-O Qf8 17. Rdf1 Qf7 18. Ng4 Bxe3 19. Nxe3 Rf3 20. Kb1 Rf8 21. Nd1 b6 22. Qc3 Ndf6 23. Qc4 Nh5 24. Rfg1 Ng5 25. Qg4 Rf4 26. Qe2 Rf3 27. h4 Nf4 28. Qf1 Nh7 29. Rg3 Nh5 30. Rg2 Ng3 31. Qg1 Nxh1 32. Qxh1 Qf5 33. Bc4 Rf7 34. Rg4 Qxg4 0-1

[Event "SVM_Regionalliga_2024-25"]
[Site "?"]
[Date "2024.12.01"]
[Round "5.6"]
[Board "2"]
[White "Bien,Stefan"]
[Black "Böhm,Stefan"]
[WhiteTeam "SV Horrem 1"]
[BlackTeam "Bayer Leverkusen 1"]
[WhiteElo "1977"]
[BlackElo "1980"]
[WhiteDWZ "2014"]
[BlackDWZ "1963"]
[Result "1/2-1/2"]
[PlyCount "37"]
[EventDate "2024.12.01"]
[SourceDate "2024.12.01"]
 
1. d4 d5 2. Nf3 c5 3. c3 Nf6 4. g3 e6 5. Bg2 h6 6. O-O Nc6 7. b3 cxd4 8. Nxd4 Bc5 9. Bb2 Nxd4 10. cxd4 Bd6 11. Nd2 O-O 12. e4 dxe4 13. Nxe4 Be7 14. Qe2 Qb6 15. Rfd1 Bd7 16. Rac1 Rac8 17. Nc3 Rfe8 18. Bf3 Bb4 19. Ne4 {(=)} 1/2-1/2

[Event "SVM_Regionalliga_2024-25"]
[Site "?"]
[Date "2024.12.01"]
[Round "5.6"]
[Board "3"]
[White "Claßen,Harald"]
[Black "Hess,Christian"]
[WhiteTeam "Bayer Leverkusen 1"]
[BlackTeam "SV Horrem 1"]
[WhiteElo "1970"]
[BlackElo "2135"]
[WhiteDWZ "1944"]
[BlackDWZ "1983"]
[Result "1/2-1/2"]
[PlyCount "20"]
[EventDate "2024.12.01"]
[SourceDate "2024.12.01"]
 
1. c4 e5 2. Nc3 Nf6 3. Nf3 Nc6 4. e3 Bb4 5. Qc2 d5 6. cxd5 Nxd5 7. Nxd5 Qxd5 8. Bc4 Qd7 9. Bb5 O-O 10. O-O Bd6 {(=)} 1/2-1/2

[Event "SVM_Regionalliga_2024-25"]
[Site "?"]
[Date "2024.12.01"]
[Round "5.6"]
[Board "4"]
[White "Schulz,Wilhelm"]
[Black "Mazaheri Tehrani,Mehrdad"]
[WhiteTeam "SV Horrem 1"]
[BlackTeam "Bayer Leverkusen 1"]
[WhiteElo "2046"]
[BlackElo "1921"]
[WhiteDWZ "2002"]
[BlackDWZ "1862"]
[Result "1-0"]
[PlyCount "65"]
[EventDate "2024.12.01"]
[SourceDate "2024.12.01"]
 
1. d4 Nf6 2. c4 g6 3. f3 Bg7 4. e4 d6 5. Nc3 O-O 6. Be3 Nc6 7. Nge2 e5 8. d5 Ne7 9. Qd2 Nd7 10. g4 a5 11. Ng3 Kh8 12. Be2 b6 13. h4 f6 14. h5 Rf7 15. hxg6 Nxg6 16. O-O-O Nc5 17. Rh5 Qg8 18. Rdh1 Nf8 19. Kb1 Bd7 20. Nf5 Re8 21. Qe1 Bc8 22. Qh4 Bd7 23. Qh2 Rc8 24. Nb5 Na6 25. Nbxd6 cxd6 26. Nxd6 Re7 27. Nxc8 Bxc8 28. Bxb6 a4 29. c5 h6 30. c6 Nh7 31. Qg1 Bf8 32. Qf1 Nb4 33. Bc5 1-0

[Event "SVM_Regionalliga_2024-25"]
[Site "?"]
[Date "2024.12.01"]
[Round "5.6"]
[Board "5"]
[White "Lessing,Sebastian"]
[Black "Voigt,Ingrid"]
[WhiteTeam "Bayer Leverkusen 1"]
[BlackTeam "SV Horrem 1"]
[WhiteElo "1872"]
[BlackElo "1985"]
[WhiteDWZ "1841"]
[BlackDWZ "1926"]
[Result "1-0"]
[PlyCount "59"]
[EventDate "2024.12.01"]
[SourceDate "2024.12.01"]
 
1. Nc3 e6 2. e4 d5 3. Nf3 Nf6 4. exd5 exd5 5. d4 Bg4 6. Be3 Bb4 7. a3 Ba5 8. b4 Bb6 9. Na4 Nbd7 10. Bd3 O-O 11. h3 Bh5 12. g4 Bg6 13. Qe2 Re8 14. Bxg6 hxg6 15. O-O c6 16. Nxb6 Nxb6 17. Qd3 Nc4 18. Nd2 Nxd2 19. Bxd2 Ne4 20. f3 Nd6 21. Rae1 Qb6 22. Bc1 Nc4 23. f4 f5 24. c3 Re4 25. Rxe4 fxe4 26. Qe2 a5 27. f5 axb4 28. fxg6 bxa3 29. Qf2 Qc7 30. Qh4 1-0

[Event "SVM_Regionalliga_2024-25"]
[Site "?"]
[Date "2024.12.01"]
[Round "5.6"]
[Board "6"]
[White "Olschewski,Martin"]
[Black "Eßer,Julian"]
[WhiteTeam "SV Horrem 1"]
[BlackTeam "Bayer Leverkusen 1"]
[WhiteElo "1791"]
[BlackElo "1881"]
[WhiteDWZ "1694"]
[BlackDWZ "1940"]
[Result "0-1"]
[PlyCount "94"]
[EventDate "2024.12.01"]
[SourceDate "2024.12.01"]
 
1. Nf3 Nf6 2. g3 d5 3. Bg2 g6 4. O-O Bg7 5. d3 O-O 6. Nbd2 Nbd7 7. e4 dxe4 8. dxe4 Nc5 9. Re1 Nfxe4 10. Qe2 Nxd2 11. Nxd2 Ne6 12. c3 c6 13. Ne4 Qc7 14. Ng5 Nxg5 15. Bxg5 Be6 16. Qc2 Rad8 17. Re2 Rd7 18. Bf4 Qa5 19. a4 Rfd8 20. Rae1 Qa6 21. Be4 Qc4 22. Re3 Qb3 23. Kg2 Qxc2 24. Bxc2 Bd5+ 25. f3 Bf6 26. Be5 Bxe5 27. Rxe5 e6 28. b3 c5 29. Kf2 b6 30. c4 Bc6 31. R1e2 Rd2 32. Rxd2 Rxd2+ 33. Re2 Rxe2+ 34. Kxe2 e5 35. Ke3 Kg7 36. Be4 Bd7 37. f4 exf4+ 38. Kxf4 f5 39. Bc2 Kf6 40. h4 h6 41. Bd1 g5+ 42. hxg5+ hxg5+ 43. Ke3 Ke5 44. Bf3 f4+ 45. gxf4+ gxf4+ 46. Kd3 Bf5+ 47. Kc3 Be4 0-1

[Event "SVM_Regionalliga_2024-25"]
[Site "?"]
[Date "2024.12.01"]
[Round "5.6"]
[Board "7"]
[White "Petrovic,Julijan"]
[Black "Grothues-Lay,Kay"]
[WhiteTeam "Bayer Leverkusen 1"]
[BlackTeam "SV Horrem 1"]
[WhiteElo "1814"]
[BlackElo "1923"]
[WhiteDWZ "1789"]
[BlackDWZ "1887"]
[Result "1/2-1/2"]
[PlyCount "45"]
[EventDate "2024.12.01"]
[SourceDate "2024.12.01"]
 
1. d4 f5 2. e4 e6 3. Nc3 d5 4. exf5 exf5 5. Nf3 Be7 6. Bd3 c6 7. Ne5 Nf6 8. Bf4 O-O 9. O-O Qb6 10. Ne2 Qxb2 11. c4 Qb6 12. Qc2 g6 13. g4 Ne4 14. f3 Ng5 15. Kg2 Ne6 16. Bh6 Ng7 17. c5 Qd8 18. h3 Nd7 19. f4 Nxe5 20. fxe5 Bg5 21. Bxg7 Kxg7 22. gxf5 gxf5 23. Bxf5 {(=)} 1/2-1/2

[Event "SVM_Regionalliga_2024-25"]
[Site "?"]
[Date "2024.12.01"]
[Round "5.6"]
[Board "8"]
[White "Klöpper,Karl"]
[Black "Eßer,Daniel"]
[WhiteTeam "SV Horrem 1"]
[BlackTeam "Bayer Leverkusen 1"]
[WhiteElo "1793"]
[BlackElo "1605"]
[WhiteDWZ "1797"]
[BlackDWZ "1383"]
[Result "1-0"]
[PlyCount "89"]
[EventDate "2024.12.01"]
[SourceDate "2024.12.01"]
 
1. Nf3 d5 2. d4 Nf6 3. e3 Bg4 4. Be2 e6 5. Nbd2 Nbd7 6. c4 c6 7. O-O Bd6 8. c5 Bc7 9. b4 O-O 10. Bb2 Ne4 11. Ne5 Bxe2 12. Qxe2 Nxd2 13. Qxd2 Nxe5 14. dxe5 a5 15. a3 axb4 16. axb4 Rxa1 17. Rxa1 Qb8 18. f4 b6 19. Bd4 Qb7 20. Qa2 bxc5 21. Bxc5 Rb8 22. Qa6 h6 23. Qxb7 Rxb7 24. Ra6 g5 25. Rxc6 Kg7 26. g3 Kg6 27. Kg2 Kf5 28. Kf3 g4+ 29. Ke2 Ke4 30. Ra6 Bb8 31. Ra4 Rb5 32. Ra5 Rb7 33. b5 Bc7 34. Ra4+ Kf5 35. b6 Bb8 36. Kd3 h5 37. Ra7 Rxa7 38. bxa7 Bxa7 39. Bxa7 Kg6 40. e4 dxe4+ 41. Kxe4 f5+ 42. exf6 Kxf6 43. Bd4+ Kg6 44. Ke5 Kf7 45. Bc5 1-0

[Event "SVM_Regionalliga_2024-25"]
[Site "?"]
[Date "2025.01.12"]
[Round "6.2"]
[Board "1"]
[White "Krings,Thomas"]
[Black "Kocur,Alois"]
[WhiteTeam "SV Horrem 1"]
[BlackTeam "SV Springer Hitdorf 1"]
[WhiteElo "1766"]
[BlackElo "2243"]
[WhiteDWZ "2045"]
[BlackDWZ "2180"]
[Result "1/2-1/2"]
[PlyCount "26"]
[EventDate "2025.01.12"]
[SourceDate "2025.01.12"]
 
1. e4 e5 2. Nf3 Nc6 3. Bb5 a6 4. Ba4 Nf6 5. d3 b5 6. Bb3 Be7 7. O-O O-O 8. Re1 Bb7 9. Nbd2 d5 10. exd5 Nxd5 11. Nxe5 Nxe5 12. Rxe5 Nf4 13. Nf3 Ng6 {(=)} 1/2-1/2

[Event "SVM_Regionalliga_2024-25"]
[Site "?"]
[Date "2025.01.12"]
[Round "6.2"]
[Board "3"]
[White "Hess,Christian"]
[Black "Schmitz,Andreas Arnold"]
[WhiteTeam "SV Horrem 1"]
[BlackTeam "SV Springer Hitdorf 1"]
[WhiteElo "2135"]
[BlackElo "1967"]
[WhiteDWZ "1983"]
[BlackDWZ "2021"]
[Result "1-0"]
[PlyCount "125"]
[EventDate "2025.01.12"]
[SourceDate "2025.01.12"]
 
1. e4 e6 2. d4 d5 3. e5 c5 4. c3 Nc6 5. Nf3 f6 6. exf6 Nxf6 7. Bd3 cxd4 8. cxd4 Nb4 9. Be2 Qc7 10. Nc3 Ne4 11. Qb3 a5 12. O-O Bd7 13. a3 Nxc3 14. bxc3 a4 15. Qb2 Nc6 16. c4 Be7 17. Bd2 O-O 18. Rab1 Rfb8 19. Rfe1 Bf6 20. Bd3 dxc4 21. Bxc4 {(=)} Nxd4 22. Qa2 Nxf3+ 23. gxf3 Bc6 24. Rxe6 Kh8 25. Bd5 Bxd5 26. Qxd5 Rd8 27. Qe4 Qc8 28. Be3 Ra6 29. Bb6 Rf8 30. f4 Bd4 31. f5 Rxb6 32. Rexb6 Bxb6 33. Rxb6 {(=)} Rxf5 34. h4 Rf7 35. Qxa4 h6 36. Qe4 Qf5 37. Qxf5 Rxf5 38. Rxb7 Rf4 39. Rb4 Rf3 40. a4 Kh7 41. Kg2 Ra3 42. h5 g6 43. Rb7+ Kg8 44. Ra7 gxh5 45. a5 h4 46. a6 h3+ 47. Kh2 Kf8 48. f3 Ke8 49. Ra8+ Kd7 50. a7 Kc7 51. Rf8 Kb7 52. a8=Q+ Rxa8 53. Rxa8 Kxa8 54. Kxh3 Kb7 55. Kg4 Kc6 56. Kh5 Kd6 57. Kxh6 Ke6 58. Kg6 Ke5 59. Kg5 Ke6 60. f4 Ke7 61. Kg6 Kf8 62. Kf6 Kg8 63. Ke7 1-0

[Event "SVM_Regionalliga_2024-25"]
[Site "?"]
[Date "2025.01.12"]
[Round "6.2"]
[Board "5"]
[White "Tonev,Vasil"]
[Black "Pyrowicz,Jacek"]
[WhiteTeam "SV Horrem 1"]
[BlackTeam "SV Springer Hitdorf 1"]
[WhiteElo "1840"]
[BlackElo "1929"]
[WhiteDWZ "1831"]
[BlackDWZ "1852"]
[Result "1-0"]
[PlyCount "117"]
[EventDate "2025.01.12"]
[SourceDate "2025.01.12"]
 
1. d4 f5 2. Nf3 Nf6 3. g3 e6 4. Bg2 d5 5. O-O Bd6 6. c4 c6 7. Bg5 Nbd7 8. Nbd2 O-O 9. Ne1 h6 10. Bxf6 Qxf6 11. e3 b6 12. Qa4 Bb7 13. cxd5 exd5 14. Nd3 Rf7 15. f4 Qe6 16. Rfe1 a5 17. Nf3 Nf6 18. Nde5 Bxe5 19. Nxe5 Rc7 20. Rac1 Ne4 21. Qb3 c5 22. dxc5 bxc5 23. Rc2 a4 24. Qa3 Qb6 25. Rec1 c4 26. Nf3 Nc5 27. Bf1 Nb3 28. Re1 Kh7 29. Ne5 Nc5 30. Qc3 Ne6 31. Rd2 a3 32. Bh3 g6 33. Bg2 Qc5 34. b4 cxb3 35. Qxb3 Ra5 36. Red1 Rb5 37. Qd3 Rb2 38. Bxd5 Bxd5 39. Qxd5 Qxe3+ 40. Kh1 Rxd2 41. Rxd2 Qe4+ 42. Qxe4 fxe4 43. Rd7+ Rxd7 44. Nxd7 Nd4 45. Nf6+ Kg7 46. Nxe4 Nc2 47. Kg2 Nb4 48. Nc3 Kf6 49. Kf3 h5 50. h3 g5 51. fxg5+ Kxg5 52. Ke4 Kg6 53. Ke5 Kg5 54. Ne4+ Kg6 55. Nc3 Kg5 56. Kd4 Kf5 57. Kc4 Nc2 58. Nd5 Ke4 59. Nf6+ 1-0

[Event "SVM_Regionalliga_2024-25"]
[Site "?"]
[Date "2025.01.12"]
[Round "6.2"]
[Board "6"]
[White "Schmitz,Manuela"]
[Black "Block,Wolfgang"]
[WhiteTeam "SV Springer Hitdorf 1"]
[BlackTeam "SV Horrem 1"]
[WhiteElo "1815"]
[BlackElo "2090"]
[WhiteDWZ "1846"]
[BlackDWZ "1903"]
[Result "1-0"]
[PlyCount "95"]
[EventDate "2025.01.12"]
[SourceDate "2025.01.12"]
 
1. d4 Nf6 2. Nf3 g6 3. c4 Bg7 4. Nc3 d6 5. e4 O-O 6. Be2 Nbd7 7. h3 c5 8. Be3 cxd4 9. Nxd4 Nc5 10. Qc2 Bd7 11. O-O Rc8 12. Rad1 Ne8 13. f4 b6 14. Qd2 Nf6 15. Bf3 Qc7 16. b3 e5 17. Nde2 Bc6 18. Ng3 Qb7 19. Nd5 Bxd5 20. cxd5 Nfd7 21. f5 f6 22. Bh6 Rf7 23. Bxg7 Kxg7 24. Rc1 Nf8 25. Bg4 g5 26. Nh5+ Kh8 27. Qe3 h6 28. b4 Na6 29. Rxc8 Qxc8 30. Rc1 Rc7 31. Rxc7 Qxc7 32. a3 Nh7 33. Be2 Nb8 34. Bb5 Qc8 35. Ba4 Kg8 36. Kh2 Kf7 37. Ng3 Nf8 38. Ne2 Kg7 39. Ng3 Nbd7 40. Nh5+ Kf7 41. Ng3 Kg7 42. Bc6 Nb8 43. b5 Qc7 44. Qe2 Nbd7 45. Qh5 Nc5 46. Qe8 Qf7 47. Qd8 h5 48. Be8 1-0

[Event "SVM_Regionalliga_2024-25"]
[Site "?"]
[Date "2025.01.12"]
[Round "6.2"]
[Board "7"]
[White "Voigt,Ingrid"]
[Black "Kocur,Beata"]
[WhiteTeam "SV Horrem 1"]
[BlackTeam "SV Springer Hitdorf 1"]
[WhiteElo "1985"]
[BlackElo "1914"]
[WhiteDWZ "1926"]
[BlackDWZ "1781"]
[Result "1-0"]
[PlyCount "87"]
[EventDate "2025.01.12"]
[SourceDate "2025.01.12"]
 
1. e4 c5 2. Nf3 Nc6 3. d4 cxd4 4. Nxd4 e5 5. Nb5 d6 6. N1c3 a6 7. Na3 b5 8. Nd5 Nf6 9. Bg5 Be7 10. Bxf6 Bxf6 11. Be2 Bg5 12. O-O O-O 13. c3 Be6 14. Nc2 Bxd5 15. Qxd5 Ne7 16. Qb3 Rb8 17. Rad1 Kh8 18. Rd3 Rb6 19. Rfd1 d5 20. Nb4 f5 21. Bf3 fxe4 22. Bxe4 Rbf6 23. Nxd5 Nxd5 24. Qxd5 Qb6 25. Rf3 Rxf3 26. Bxf3 Qb8 27. Qd6 Bf6 28. Qxa6 Rf7 29. Qd6 Rf8 30. Bc6 Rd8 31. Qxb8 Rxb8 32. a3 Rb6 33. Bd7 g6 34. Kf1 Rb7 35. Rd5 b4 36. axb4 Ra7 37. b3 e4 38. c4 Bc3 39. Ba4 Ra8 40. b5 Kg7 41. b6 Kf6 42. b7 Rb8 43. Rd7 Be5 44. c5 1-0

[Event "SVM_Regionalliga_2024-25"]
[Site "?"]
[Date "2025.01.12"]
[Round "6.3"]
[Board "1"]
[White "Meyer,Emil"]
[Black "Kliffken,Julian"]
[WhiteTeam "Klub Kölner SF 3"]
[BlackTeam "Eschweiler SC 1"]
[WhiteElo "2013"]
[BlackElo "1767"]
[WhiteDWZ "2047"]
[BlackDWZ "2031"]
[Result "0-1"]
[PlyCount "78"]
[EventDate "2025.01.12"]
[SourceDate "2025.01.12"]
 
1. e4 c6 2. d4 d5 3. e5 Bf5 4. Nc3 e6 5. g4 Bg6 6. Nge2 c5 7. h4 f6 8. Nf4 Bf7 9. Qe2 cxd4 10. Ncxd5 fxe5 11. Qxe5 Nc6 12. Bb5 Kd7 13. O-O exd5 14. Re1 Qf6 15. Qe2 Re8 16. Qf1 Rxe1 17. Qxe1 Bd6 18. Ng2 Qe5 19. Bf4 Qxe1+ 20. Rxe1 Bxf4 21. Nxf4 Nf6 22. g5 Ne4 23. Nd3 Kd6 24. f3 Nd2 25. Kf2 Nc4 26. c3 dxc3 27. bxc3 Re8 28. Rd1 N4e5 29. Nf4 Kc5 30. Ba4 Nc4 31. h5 Nb2 32. Rd4 Re7 33. Bxc6 bxc6 34. g6 hxg6 35. hxg6 Be8 36. Kg3 Nc4 37. Kh4 Ne5 38. Kh5 Nxg6 39. Nxg6 Re5+ 0-1

[Event "SVM_Regionalliga_2024-25"]
[Site "?"]
[Date "2025.01.12"]
[Round "6.3"]
[Board "3"]
[White "Theisen,Johannes"]
[Black "Schüller,Tobias"]
[WhiteTeam "Klub Kölner SF 3"]
[BlackTeam "Eschweiler SC 1"]
[WhiteElo "1858"]
[BlackElo "2015"]
[WhiteDWZ "1909"]
[BlackDWZ "1996"]
[Result "1/2-1/2"]
[PlyCount "111"]
[EventDate "2025.01.12"]
[SourceDate "2025.01.12"]
 
1. e4 c5 2. Nf3 g6 3. c4 Nc6 4. d4 cxd4 5. Nxd4 Nf6 6. Nc3 d6 7. Be2 Nxd4 8. Qxd4 Bg7 9. Be3 O-O 10. Qd2 Be6 11. Rc1 Qa5 12. f3 Rfc8 13. b3 a6 14. O-O b5 15. Nd5 Qxd2 16. Bxd2 Nxd5 17. cxd5 Bd4+ 18. Kh1 Bd7 19. Rxc8+ Rxc8 20. Rc1 Rxc1+ 21. Bxc1 e6 22. Ba3 exd5 23. exd5 Bc5 24. Bc1 Bf5 25. a3 Bc2 26. b4 Bd4 27. Bf4 Be5 28. Bc1 Bf6 29. f4 Be4 30. Bf3 Bxf3 31. gxf3 Bd4 32. Kg2 Kg7 33. Kf1 Kf6 34. Kg2 Kf5 35. Kg3 h6 36. h4 f6 37. Kh3 Ba1 38. Kg3 Bd4 39. Kh3 Bc3 40. Kg3 g5 41. fxg5 fxg5 42. hxg5 hxg5 43. Kh3 Ke5 44. Kg4 Kxd5 45. Kxg5 Kc4 46. f4 d5 47. f5 a5 48. bxa5 Bxa5 49. f6 d4 50. Kf5 Bb6 51. Bd2 Bc5 52. Bb4 d3 53. f7 d2 54. Bxd2 Bxa3 55. Ke6 Bf8 56. Kd7 {(=)} 1/2-1/2

[Event "SVM_Regionalliga_2024-25"]
[Site "?"]
[Date "2025.01.12"]
[Round "6.3"]
[Board "4"]
[White "Weisshaupt,Rainer"]
[Black "Lemaic,Mile"]
[WhiteTeam "Eschweiler SC 1"]
[BlackTeam "Klub Kölner SF 3"]
[WhiteElo "2059"]
[BlackElo "1883"]
[WhiteDWZ "1921"]
[BlackDWZ "1966"]
[Result "0-1"]
[PlyCount "46"]
[EventDate "2025.01.12"]
[SourceDate "2025.01.12"]
 
1. e4 c5 2. Nf3 Nc6 3. Na3 g6 4. Bb5 Bg7 5. c3 e5 6. O-O Nge7 7. d3 O-O 8. Be3 b6 9. d4 exd4 10. cxd4 d5 11. exd5 Qxd5 12. dxc5 Qh5 13. Qc1 Bg4 14. Be2 Ne5 15. Nc4 Bxf3 16. Bxf3 Nxf3+ 17. gxf3 Qxf3 18. Qd1 Qh3 19. a4 Nf5 20. Qe2 Rae8 21. f3 Nxe3 22. Nxe3 Bd4 23. Ra3 Rxe3 0-1

[Event "SVM_Regionalliga_2024-25"]
[Site "?"]
[Date "2025.01.12"]
[Round "6.3"]
[Board "6"]
[White "Federau,Jürgen"]
[Black "Richter,Götz"]
[WhiteTeam "Eschweiler SC 1"]
[BlackTeam "Klub Kölner SF 3"]
[WhiteElo "2124"]
[BlackElo "1984"]
[WhiteDWZ "2142"]
[BlackDWZ "1889"]
[Result "1/2-1/2"]
[PlyCount "31"]
[EventDate "2025.01.12"]
[SourceDate "2025.01.12"]
 
1. d4 Nf6 2. c4 e6 3. Nc3 Bb4 4. Qc2 c5 5. e3 O-O 6. Nf3 b6 7. Bd3 Bb7 8. dxc5 bxc5 9. Bd2 d5 10. a3 Ba5 11. O-O-O Nbd7 12. Ne2 Re8 13. Bc3 Qc7 14. Bxa5 Qxa5 15. Qc3 Qc7 16. Ng3 {(=)} 1/2-1/2

[Event "SVM_Regionalliga_2024-25"]
[Site "?"]
[Date "2025.01.12"]
[Round "6.4"]
[Board "1"]
[White "Reinöhl,Christian"]
[Black "Menzel,Maximilian"]
[WhiteTeam "SK Troisdorf"]
[BlackTeam "SG Porz 3"]
[WhiteElo "2140"]
[BlackElo "2173"]
[WhiteDWZ "2101"]
[BlackDWZ "2156"]
[Result "0-1"]
[PlyCount "84"]
[EventDate "2025.01.12"]
[SourceDate "2025.01.12"]
 
1. e4 c6 2. d4 d5 3. Nc3 dxe4 4. Nxe4 Nd7 5. c3 Ngf6 6. Nxf6+ Nxf6 7. Nf3 Bg4 8. h3 Bxf3 9. Qxf3 e6 10. Be2 Be7 11. O-O O-O 12. Rd1 Qb6 13. b3 Rfd8 14. Bb2 a5 15. Rab1 a4 16. b4 a3 17. Bc1 Qa7 18. Rb3 Nd5 19. Bd3 b5 20. Bb1 Bd6 21. Rxa3 Qxa3 22. Bxa3 Rxa3 23. Rc1 g6 24. Be4 Bxb4 25. Bxd5 cxd5 26. Qe2 Rxc3 27. Rxc3 Bxc3 28. Qxb5 Bxd4 29. Qb7 Bc3 30. Qc7 Bf6 31. a4 Ra8 32. a5 Bd4 33. a6 Kg7 34. Kf1 Rxa6 35. Qc2 Rb6 36. Qd3 Bf6 37. g3 d4 38. Qe4 Rd6 39. Ke2 d3+ 40. Kd2 Rd5 41. f4 Bc3+ 42. Kd1 Ra5 0-1

[Event "SVM_Regionalliga_2024-25"]
[Site "?"]
[Date "2025.01.12"]
[Round "6.4"]
[Board "2"]
[White "Finke,Kai"]
[Black "Fuß,Jean-Pierre"]
[WhiteTeam "SG Porz 3"]
[BlackTeam "SK Troisdorf"]
[WhiteElo "2111"]
[BlackElo "1952"]
[WhiteDWZ "2131"]
[BlackDWZ "2076"]
[Result "1-0"]
[PlyCount "103"]
[EventDate "2025.01.12"]
[SourceDate "2025.01.12"]
 
1. d4 Nf6 2. c4 e6 3. g3 d5 4. Nf3 c5 5. cxd5 cxd4 6. dxe6 Bxe6 7. Qxd4 Qxd4 8. Nxd4 Bd5 9. f3 Bc5 10. Nb5 Na6 11. a3 O-O 12. N1c3 Bc6 13. e4 Rfe8 14. Be2 Rad8 15. Bd2 Bb6 16. b4 Nc7 17. Nxc7 Bxc7 18. Be3 b6 19. O-O Be5 20. Rac1 Bb7 21. Rfd1 Rxd1+ 22. Nxd1 Bb8 23. Kf2 h6 24. Bf4 Bxf4 25. gxf4 Rc8 26. Rxc8+ Bxc8 27. Bc4 Kf8 28. Nc3 Ne8 29. Ke3 Ke7 30. Kd4 f6 31. f5 Bd7 32. Nd5+ Kf8 33. Nf4 Ke7 34. b5 Nc7 35. Nd5+ Nxd5 36. Kxd5 Be8 37. f4 Bd7 38. Bd3 Be8 39. e5 Kd7 40. Be2 Ke7 41. a4 Bd7 42. e6 Be8 43. Bg4 h5 44. Bh3 h4 45. Bg4 h3 46. Bxh3 Bh5 47. Kc6 Bf3+ 48. Kc7 Bd1 49. Bf1 Bc2 50. Kb7 Bxf5 51. Kxa7 Bc2 52. Bc4 1-0

[Event "SVM_Regionalliga_2024-25"]
[Site "?"]
[Date "2025.01.12"]
[Round "6.4"]
[Board "3"]
[White "Keßler,Ulrich"]
[Black "Paulus,Jeffrey"]
[WhiteTeam "SK Troisdorf"]
[BlackTeam "SG Porz 3"]
[WhiteElo "1920"]
[BlackElo "2004"]
[WhiteDWZ "1930"]
[BlackDWZ "2034"]
[Result "0-1"]
[PlyCount "62"]
[EventDate "2025.01.12"]
[SourceDate "2025.01.12"]
 
1. Nf3 Nf6 2. c4 e6 3. g3 d5 4. b3 b6 5. Bg2 Bb7 6. Bb2 Bd6 7. O-O O-O 8. Qc2 Nbd7 9. Nc3 a6 10. Rac1 Qe7 11. cxd5 exd5 12. d4 Ne4 13. e3 f5 14. Ne2 c6 15. Nf4 a5 16. Nd3 Rac8 17. Nfe5 Nb8 18. f3 Ng5 19. Rfe1 c5 20. Qb1 c4 21. bxc4 dxc4 22. Rxc4 Rxc4 23. Nxc4 Nxf3+ 24. Bxf3 Bxf3 25. Nf2 Bb4 26. Rc1 b5 27. Ne5 Ba8 28. Qd3 Qb7 29. Qf1 Bd2 30. Rc5 Bxe3 31. Rxb5 Qh1# 0-1